Logo BPK

Biblioteka

Politechniki Koszalińskiej

EVITA : (Rekord nr 46120)

Szczegóły MARC
000 -ETYKIETA REKORDU
podpole kontrolne o stałej długości 00774nam a2200277 i 4500
001 - NUMER KONTROLNY REKORDU
pole kontrolne bg
015 ## - NUMER BIBLIOGRAFII NARODOWEJ
Numer bibliografii narodowej PB 3674/2001
020 ## - MIĘDZYNARODOWY ZNORMALIZOWANY NUMER KSIĄŻKI - ISBN
ISBN 8390728877 ("Tenez")
040 ## - ŹRÓDŁO KATALOGOWANIA
Instytucja, która utworzyła rekord BPK
041 0# - KOD JĘZYKA
Kod języka tekstu eng
080 ## - UNIWERSALNA KLASYFIKACJA DZIESIĘTNA - UKD
UKD 004.436(07)
920 ## - Międzynarodowy znormalizowany numer książki – ISBN
ISBN 83-907288-7-7 ("Tenez")
008 - POLE O STAŁEJ DŁUGOŚCI - DANE KONTROLNE
podpole kontrolne o stałej długości s pl f |000 0 pol
100 1# - NAZWA OSOBOWA
Nazwa osobowa MIRKOWSKI, Jarosław
245 00 - TYTUŁ/ODPOWIEDZIALNOŚĆ
Tytuł EVITA :
Ciąg dalszy tytułu interactive VHDL tutorial REV.2.1 /
Pozostałe elementy strefy tytułu i oznaczenia odpowiedzialności J. Mirkowski [et al.].
250 ## - STREFA WYDANIA
Oznaczenie wydania 2 ed.
260 ## - STREFA ADRESU WYDAWNICZEGO
Miejsce wydania [Zielona Góra :
Nazwa wydawcy/dystrybutora "Tenez"] :
-- "Aldec",
Data publikacji, dystrybucji/powstania dokumentu 1998.
300 ## - STREFA OPISU FIZYCZNEGO
Objętość 288 s. :
Inne cechy fizyczne il. ;
Rozmiary 23 cm.
490 1# - STREFA SERII I DOKUMENTU WIELOCZĘŚCIOWEGO - FORMA NIE DO WYSZUKIWANIA
Tytuł i oznaczenie odpowiedzialności serii Active-VHDL Series ;
Numeracja w obrębie serii b. 2
500 ## - UWAGI OGÓLNE
Tekst uwagi Na okł.: For Windows 95/NT.
650 #9 - HASŁO PRZEDMIOTOWE W FORMIE NAZWY OGÓLNEJ LUB JEDNOSTKOWEJ
Nazwa ogólna lub geograficzna VHDL
655 ## - TERMIN INDEKSOWY - OKREŚLENIE RODZAJU/FORMY DOKUMENTU
Określenie rodzaju/formy dokumentu Podręczniki
700 1# - HASŁO DODATKOWE - NAZWA OSOBOWA
Nazwa osobowa MIRKOWSKI, Jarosław
830 ## - HASŁO DODATKOWE SERII LUB DOKUMENTU WIELOCZĘŚCIOWEGO - TYTUŁ UJEDNOLICONY
Tytuł ujednolicony Active-VHDL Series ;
856 ## - LOKALIZACJA I DOSTĘP DO ELEKTRONICZNYCH DOKUMENTÓW ZDALNYCH
Link (URL) http://koha.tu.koszalin.pl/cgi-bin/koha/opac-detail.pl?biblionumber=46120
Tekst linku Katalog online BPK
942 ## - DODATKOWE ELEMENTY (KOHA)
Typ dokumentu Książka
Egzemplarze
Wycofany Status egzemplarza Uszkodzony Dostępność Lokalizacja stała Lokalizacja bieżąca Miejsce przechowywania Sygnatura Kod kreskowy Typ dokumentu
      Dostępny Biblioteka Politechniki Koszalińskiej Biblioteka Politechniki Koszalińskiej Wypożyczalnia BG 75732 02252193 Książka
© 2023 Biblioteka Politechniki Koszalińskiej :: KOHA